[Event "I Festival A"]
[Site "Lodi ITA"]
[Date "2005.06.11"]
[Round "3"]
[White "Xausa, Flavio"]
[Black "Santurbano, Maria Vincenza"]
[Result "1-0"]
[WhiteElo "2123"]
[BlackElo "2043"]
[PlyCount "117"]
[EventDate "2005.06.10"]

1. e4 c5 2. Nf3 d6 3. d4 cxd4 4. Nxd4 Nf6 5. Nc3 a6 6. Be3 Ng4 7. Bg5 h6 8. Bh4
g5 9. Bg3 Bg7 10. Be2 h5 11. h3 Nf6 12. h4 g4 13. O-O Nc6 14. Nb3 Be6 15. f3
gxf3 16. Bxf3 Ng4 17. Bxg4 Bxg4 18. Qd2 Ne5 19. Nd5 Rc8 20. Qf2 O-O 21. Nd4 Rc4
22. c3 e6 23. Ne3 Rc5 24. Bxe5 Rxe5 25. Nxg4 hxg4 26. Rae1 d5 27. exd5 Rxd5 28.
Nb3 a5 29. Re4 Rf5 30. Rf4 Rxf4 31. Qxf4 Qxh4 32. Nxa5 Bh6 33. Qe4 Qg3 34. Re1
Rd8 35. Nc4 Rd5 36. a4 Rh5 37. Rd1 Qh2+ 38. Kf1 Rf5+ 39. Ke2 Qg3 40. Rf1 b5 41.
Rxf5 exf5 42. Qa8+ Kg7 43. axb5 Qf4 44. Qd5 Kg6 45. Qd6+ Qxd6 46. Nxd6 Bf4 47.
Nb7 Kf6 48. Nc5 Ke7 49. Nd3 Bb8 50. Ke3 Ke6 51. c4 Bh2 52. b4 Kf6 53. Nf4 Ke5
54. Nd3+ Kf6 55. c5 Kg5 56. b6 Kh4 57. Kf2 Bg3+ 58. Ke2 Kg5 59. c6 1-0

[Event "I Festival A"]
[Site "Lodi ITA"]
[Date "2005.06.12"]
[Round "4"]
[White "Andersen, Alf R."]
[Black "Martin, Joel"]
[Result "1-0"]
[WhiteElo "2182"]
[BlackElo "2047"]
[PlyCount "73"]
[EventDate "2005.06.10"]

1. e4 c5 2. Nf3 Nc6 3. d4 cxd4 4. Nxd4 Nf6 5. Nc3 e5 6. Ndb5 d6 7. Bg5 a6 8.
Na3 b5 9. Bxf6 gxf6 10. Nd5 Bg7 11. g3 O-O 12. c3 Ne7 13. Nxe7+ Qxe7 14. Bg2
Be6 15. Nc2 Rfd8 16. O-O Rab8 17. Qh5 Rdc8 18. Ne3 b4 19. cxb4 Rxb4 20. b3 Rb5
21. Rfd1 a5 22. Rd2 Rbc5 23. Rad1 Rc1 24. Bh3 Rxd1+ 25. Rxd1 Rc6 26. Bf5 h6 27.
Kg2 Qd7 28. Qe2 Qb7 29. Qg4 Qe7 30. h4 Kf8 31. Qh5 Kg8 32. Ng4 Bxf5 33. Qxf5
Qe6 34. Ne3 Qxf5 35. Nxf5 Kf8 36. Rd5 Ra6 37. h5 1-0

[Event "I Festival A"]
[Site "Lodi ITA"]
[Date "2005.06.12"]
[Round "4"]
[White "Birens, Eric-Andre'"]
[Black "Nelli, Carlo"]
[Result "0-1"]
[WhiteElo "2122"]
[BlackElo "2024"]
[PlyCount "42"]
[EventDate "2005.06.10"]

1. d4 Nf6 2. c4 c5 3. d5 b5 4. a4 bxc4 5. Nc3 d6 6. e4 g6 7. Bxc4 Bg7 8. f4 Qa5
9. Qe2 Nxe4 10. Qxe4 Bxc3+ 11. bxc3 Qxc3+ 12. Kf2 Qxa1 13. Ne2 Nd7 14. Re1 Nf6
15. Bb5+ Bd7 16. Bxd7+ Kxd7 17. Qc4 Rhb8 18. Bd2 Qa3 19. Nc1 Qb2 20. Re2 Qd4+
21. Qxd4 cxd4 0-1

[Event "I Festival A"]
[Site "Lodi ITA"]
[Date "2005.06.12"]
[Round "4"]
[White "Bonagura, Stefano"]
[Black "Cereda, Loris"]
[Result "0-1"]
[WhiteElo "2018"]
[BlackElo "2054"]
[PlyCount "74"]
[EventDate "2005.06.10"]

1. d4 Nf6 2. c4 e6 3. Nc3 d5 4. Bg5 Nbd7 5. e3 c6 6. cxd5 exd5 7. Bd3 Be7 8.
Nf3 O-O 9. O-O Re8 10. Rb1 Ne4 11. Bxe7 Qxe7 12. Bxe4 dxe4 13. Nd2 Nf6 14. Qc2
Bf5 15. Na4 Rad8 16. b4 Ng4 17. Rfc1 Qh4 18. Nf1 Rd6 19. h3 Rh6 20. Ng3 Nxe3
21. Qd2 Bxh3 22. Qxe3 Bg4 23. f4 Bf3 24. Qf2 Rg6 25. Nf5 Qxf4 26. Ne3 Rd8 27.
Kf1 Rh6 28. gxf3 Rh1+ 29. Ke2 Rh2 30. Ng2 exf3+ 31. Qxf3 Re8+ 32. Kf2 Qh4+ 33.
Qg3 Qxd4+ 34. Kf3 Qd3+ 35. Kg4 f5+ 36. Kf4 Qe4+ 37. Kg5 h6+ 0-1

[Event "I Festival A"]
[Site "Lodi ITA"]
[Date "2005.06.12"]
[Round "4"]
[White "Borin, Fabio"]
[Black "Pegoraro, Nicola"]
[Result "1-0"]
[WhiteElo "2184"]
[BlackElo "2082"]
[PlyCount "87"]
[EventDate "2005.06.10"]

1. e4 c5 2. Nf3 d6 3. d4 cxd4 4. Nxd4 Nf6 5. f3 e5 6. Nb3 Be6 7. c4 Qc7 8. Na3
a6 9. Be3 Nbd7 10. Be2 Be7 11. O-O O-O 12. Qd2 Rfd8 13. Rfd1 Nc5 14. Nc1 Rac8
15. b4 Ncd7 16. Nb3 Nf8 17. Rac1 Ng6 18. Nb1 Qb8 19. Qb2 Ne8 20. Bb6 Rd7 21. a4
Nf4 22. Bf1 Bd8 23. Be3 g6 24. Re1 g5 25. g3 Ng6 26. Nc3 Ng7 27. Qd2 h6 28. Nd5
Bxd5 29. Qxd5 Ne7 30. Qd2 Ne6 31. Red1 Bc7 32. Bh3 Rcd8 33. Qb2 Nc6 34. Nd2
Ncd4 35. Kf2 Re7 36. Nb1 Ree8 37. Nc3 Kg7 38. Nd5 b6 39. f4 f6 40. Bg4 Qb7 41.
Bh5 Rh8 42. f5 Nf8 43. Rxd4 exd4 44. Bxd4 1-0

[Event "I Festival A"]
[Site "Lodi ITA"]
[Date "2005.06.12"]
[Round "4"]
[White "Brugo, Marco"]
[Black "Aldrovandi, Costantino"]
[Result "0-1"]
[WhiteElo "2084"]
[BlackElo "2246"]
[PlyCount "115"]
[EventDate "2005.06.10"]

1. d4 Nf6 2. c4 c5 3. d5 b5 4. cxb5 e6 5. Nc3 exd5 6. Nxd5 Bb7 7. Nxf6+ Qxf6 8.
Qb3 d5 9. Nf3 h6 10. g3 Nd7 11. Bg2 Bd6 12. Qe3+ Qe6 13. Bh3 Qxe3 14. Bxe3 Ke7
15. Bf4 Rhb8 16. Nh4 Bxf4 17. Nf5+ Kf6 18. gxf4 Nf8 19. Nd6 Ne6 20. e3 Ke7 21.
Nxb7 Rxb7 22. Bg2 Rd8 23. O-O-O Nc7 24. a4 a6 25. bxa6 Rb4 26. Rd3 Rxa4 27.
Rhd1 Rxa6 28. Kb1 Ke6 29. f5+ Kxf5 30. Bxd5 Rad6 31. Be4+ Ke5 32. Rxd6 Rxd6 33.
Rxd6 Kxd6 34. Kc2 Ke5 35. Bg2 g5 36. Kd3 h5 37. Kc4 Kd6 38. h3 f6 39. Be4 Ne6
40. f3 Ng7 41. Bg6 h4 42. b3 Ne6 43. Bf5 Nd8 44. f4 gxf4 45. exf4 Nc6 46. Bg4
Nb4 47. Bf5 Nd5 48. Be4 Nxf4 49. Bf5 Nd5 50. Be4 Ne7 51. Kd3 f5 52. Bf3 Ng6 53.
Ke3 Ke5 54. Bg2 Nf4 55. Bf1 Ne6 56. Bc4 Nd4 57. Bf7 Ne6 58. Bh5 0-1

[Event "I Festival A"]
[Site "Lodi ITA"]
[Date "2005.06.12"]
[Round "4"]
[White "Canova, Luca"]
[Black "Bartolozzi, Roberto"]
[Result "1-0"]
[WhiteElo "2050"]
[BlackElo "2126"]
[PlyCount "71"]
[EventDate "2005.06.10"]

1. e4 e6 2. d4 d5 3. Nc3 Bb4 4. e5 Ne7 5. a3 Bxc3+ 6. bxc3 c5 7. Nf3 Nbc6 8.
Bd3 c4 9. Be2 Qa5 10. O-O Bd7 11. Bf4 O-O-O 12. Qd2 f6 13. exf6 gxf6 14. Rfb1
Ng6 15. Bg3 h5 16. a4 Nce7 17. h3 Nf5 18. Bh2 Bc6 19. Rb4 Nd6 20. Qc1 Ne4 21.
Qe3 Rhe8 22. Nd2 Nd6 23. Bxh5 Nf5 24. Qf3 Ngh4 25. Qd1 Rg8 26. g4 Rg7 27. Nf3
e5 28. Kf1 e4 29. Nxh4 Nxh4 30. Bg3 Nf3 31. Qc1 Kd7 32. Qh6 Re7 33. Qxf6 Re6
34. Qf7+ Re7 35. Qf5+ Re6 36. Bf7 1-0

[Event "I Festival A"]
[Site "Lodi ITA"]
[Date "2005.06.12"]
[Round "4"]
[White "Cebalo, Miso"]
[Black "Sulava, Nenad"]
[Result "1-0"]
[WhiteElo "2507"]
[BlackElo "2478"]
[PlyCount "99"]
[EventDate "2005.06.10"]

1. d4 e6 2. c4 Nf6 3. Nc3 Bb4 4. f3 d5 5. a3 Bxc3+ 6. bxc3 O-O 7. cxd5 exd5 8.
e3 c5 9. Bd3 b6 10. Ne2 Ba6 11. Bxa6 Nxa6 12. O-O Re8 13. Ng3 Qd7 14. Ra2 Nb8
15. Re2 Nc6 16. Bb2 Rad8 17. Qd3 h5 18. Nh1 h4 19. Nf2 Nh5 20. Rd1 Qe6 21. Ree1
c4 22. Qc2 f5 23. Bc1 Qg6 24. Nh3 Nf6 25. Qf2 Qh5 26. Re2 Ne7 27. Nf4 Qh7 28.
a4 Kf7 29. Nh3 Qh5 30. Rf1 Ng6 31. e4 dxe4 32. fxe4 Nxe4 33. Rxe4 Rxe4 34. Ng5+
Kg8 35. Nxe4 fxe4 36. Qf7+ Kh7 37. Qxc4 h3 38. Qe6 hxg2 39. Kxg2 Nh4+ 40. Kg3
Re8 41. Qh3 g5 42. Qd7+ Kh8 43. Rf7 Rg8 44. Qe6 Qg6 45. Qe5+ Rg7 46. Qxg7+ Qxg7
47. Rxg7 Kxg7 48. Bxg5 Nf3 49. h4 Ng1 50. Kf2 1-0

[Event "I Festival A"]
[Site "Lodi ITA"]
[Date "2005.06.12"]
[Round "4"]
[White "Ceccarini, Marco"]
[Black "Calzolari, Giampietro"]
[Result "1-0"]
[WhiteElo "2124"]
[BlackElo "2036"]
[PlyCount "55"]
[EventDate "2005.06.10"]

1. e4 e6 2. d4 d5 3. Nc3 Bb4 4. Bd3 dxe4 5. Bxe4 Nf6 6. Bg5 Be7 7. Bf3 O-O 8.
Nge2 c6 9. Bxf6 Bxf6 10. Ne4 Be7 11. c3 Nd7 12. Qc2 f5 13. N4g3 Nf6 14. O-O-O
Qa5 15. Kb1 Ne8 16. Nh5 b5 17. g4 f4 18. Be4 Nf6 19. Nxf6+ Rxf6 20. Bxh7+ Kh8
21. Be4 Bd7 22. g5 Rff8 23. h4 Rab8 24. Qd3 b4 25. Qf3 Be8 26. c4 Qb6 27. g6
Qa5 28. d5 1-0

[Event "I Festival A"]
[Site "Lodi ITA"]
[Date "2005.06.12"]
[Round "4"]
[White "Corsino, Gianluca"]
[Black "Wauters, Alain"]
[Result "0-1"]
[WhiteElo "2053"]
[BlackElo "2227"]
[PlyCount "77"]
[EventDate "2005.06.10"]

1. d4 d5 2. e3 Nf6 3. Bd3 e6 4. f4 c5 5. c3 Nc6 6. Nf3 Be7 7. Nbd2 Rb8 8. O-O
b5 9. Ne5 Bd7 10. Ndf3 O-O 11. Bd2 b4 12. Nxc6 Bxc6 13. Ne5 Qc7 14. cxb4 c4 15.
Rc1 Bxb4 16. b3 Ba3 17. Rc2 Bb5 18. Qe1 Qb7 19. bxc4 Ba4 20. c5 Bxc2 21. Bxc2
Qb2 22. Bb3 Ne4 23. Ba5 Rxb3 24. axb3 Qxb3 25. f5 exf5 26. Rxf5 Qc2 27. Rf3 Rb8
28. Qh4 g5 29. Qe1 Rb1 30. Nxf7 Rxe1+ 31. Bxe1 Qc1 32. Nh6+ Kh8 33. Rf1 Qxe3+
34. Kh1 Qe2 35. Kg1 Bb2 36. Nf5 Bxd4+ 37. Nxd4 Qe3+ 38. Kh1 Qxd4 39. c6 0-1

[Event "I Festival A"]
[Site "Lodi ITA"]
[Date "2005.06.12"]
[Round "4"]
[White "Di Paolo, Raffaele"]
[Black "Maksimenko, Andrei"]
[Result "0-1"]
[WhiteElo "2284"]
[BlackElo "2510"]
[PlyCount "72"]
[EventDate "2005.06.10"]

1. e4 c5 2. Nf3 d6 3. d4 cxd4 4. Nxd4 Nf6 5. Nc3 e6 6. Be3 a6 7. Be2 Qc7 8. O-O
b5 9. f4 Bb7 10. Bf3 b4 11. Na4 Nxe4 12. f5 e5 13. Ne6 fxe6 14. Bh5+ Ke7 15.
fxe6 Nf6 16. Bg5 Qc4 17. Qe1 Qxe6 18. Qxb4 Bc6 19. Nb6 Ra7 20. Bg4 a5 21. Rxf6
gxf6 22. Nc8+ Qxc8 23. Qc4 Bd7 24. Bxf6+ Kxf6 25. Rf1+ Ke7 26. Qf7+ Kd8 27.
Qf6+ Kc7 28. Qxh8 Be7 29. Qxh7 Nc6 30. Bf3 Kb6 31. Be4 Be6 32. Qh6 d5 33. Bd3
Bc5+ 34. Kh1 Rf7 35. Qh4 Kb7 36. Qb4+ Kc7 0-1

[Event "I Festival A"]
[Site "Lodi ITA"]
[Date "2005.06.12"]
[Round "4"]
[White "Dragojlovic, Andjelko"]
[Black "Martinez, Rolly"]
[Result "1-0"]
[WhiteElo "2285"]
[BlackElo "2414"]
[PlyCount "69"]
[EventDate "2005.06.10"]

1. e4 c5 2. g3 d5 3. exd5 Qxd5 4. Nf3 Bg4 5. Bg2 Qe4+ 6. Kf1 Nc6 7. Nc3 Qg6 8.
h3 Bd7 9. Nh4 Qd6 10. Ne4 Qd4 11. d3 g5 12. Bxg5 b6 13. c3 Qg7 14. Qf3 f6 15.
Be3 Qf7 16. Nf5 Rd8 17. d4 cxd4 18. cxd4 Bxf5 19. Qxf5 Nxd4 20. Bxd4 Qc4+ 21.
Kg1 Rxd4 22. Qh5+ Kd8 23. Kh2 e5 24. Rhd1 h6 25. Nxf6 Qe6 26. Nxg8 Rxg8 27.
Rxd4+ exd4 28. Qh4+ Kc7 29. Rc1+ Bc5 30. b4 Qd6 31. Qe4 Rf8 32. bxc5 bxc5 33.
Qb7+ Kd8 34. Qa8+ Ke7 35. Qxa7+ 1-0

[Event "I Festival A"]
[Site "Lodi ITA"]
[Date "2005.06.12"]
[Round "4"]
[White "Drazic, Sinisa"]
[Black "Korneev, Oleg"]
[Result "1/2-1/2"]
[WhiteElo "2495"]
[BlackElo "2611"]
[PlyCount "63"]
[EventDate "2005.06.10"]

1. d4 d5 2. c4 e6 3. Nf3 Nf6 4. e3 Be7 5. Bd3 O-O 6. O-O c5 7. dxc5 Na6 8. cxd5
Nxc5 9. Nc3 Nxd5 10. Nxd5 Qxd5 11. Bc2 Qxd1 12. Rxd1 Bd7 13. Bd2 Rfd8 14. Bc3
f6 15. Rd2 Ba4 16. b3 Be8 17. Rad1 e5 18. Rxd8 Rxd8 19. Rxd8 Bxd8 20. Nd2 b5
21. Kf1 Bc6 22. f3 Kf7 23. Ke2 g6 24. g4 Ke7 25. Ne4 Nb7 26. b4 Bd5 27. a4 bxa4
28. Bxa4 Bc4+ 29. Kf2 Bb6 30. h4 Bd5 31. Bc2 Nd6 32. Nxd6 1/2-1/2

[Event "I Festival A"]
[Site "Lodi ITA"]
[Date "2005.06.12"]
[Round "4"]
[White "Dvirnyy, Danyyil"]
[Black "Mrdja, Milan"]
[Result "0-1"]
[WhiteElo "2120"]
[BlackElo "2373"]
[PlyCount "166"]
[EventDate "2005.06.10"]

1. e4 Nf6 2. Nc3 d5 3. exd5 Nxd5 4. Bc4 Nb6 5. Be2 c5 6. Nf3 Nc6 7. d3 e5 8.
O-O Be7 9. a4 O-O 10. a5 Nd5 11. Nxd5 Qxd5 12. c3 Bf5 13. Be3 Rfd8 14. Ne1 Qe6
15. Qa4 Rac8 16. Rd1 Nd4 17. cxd4 exd4 18. Nc2 dxe3 19. Nxe3 Rd4 20. Qc2 Bg6
21. Rfe1 Rcd8 22. Bf1 Qd7 23. Qb3 Rb4 24. Qc2 Qc7 25. Nc4 Bf6 26. Ra1 h5 27.
Ra4 Rxa4 28. Qxa4 Kh7 29. h3 Bd4 30. b3 Rd5 31. a6 Rf5 32. Ne3 Re5 33. axb7
Qxb7 34. Nc2 Rxe1 35. Nxe1 Bc3 36. Nf3 f6 37. d4 cxd4 38. Nxd4 a5 39. Nf3 Bb4
40. Qb5 Qe4 41. Qc4 Qb1 42. Nd4 Qd1 43. Ne6 Bc2 44. Nd4 Bb1 45. Qe2 Qxe2 46.
Bxe2 h4 47. Kf1 Bc3 48. Nb5 Bb4 49. Nd4 Bc5 50. Nc6 Bb6 51. Ne7 Kh6 52. Nd5 Bc5
53. Bc4 Bf5 54. Ke2 Bd7 55. f3 Kg5 56. Bd3 Be6 57. Bc4 Bd7 58. Bd3 Bc6 59. Bc4
Kf5 60. Nc7 Bb6 61. Nd5 Bc5 62. Nc7 g5 63. Ne6 Bb6 64. Kd3 Ke5 65. Ng7 Bd7 66.
Bf7 f5 67. Nh5 Bc6 68. Bc4 Bc5 69. Ba6 Bf8 70. Kc3 f4 71. Bc8 Be8 72. Bg4 Bb5
73. Bc8 Bf1 74. Bg4 Bxg2 75. Kc4 Bf1+ 76. Kc3 Ba6 77. Bd7 Bb7 78. Bg4 Bd5 79.
Kb2 Bf7 80. Kc2 Be6 81. Bxe6 Kxe6 82. Kd3 Kf5 83. Kd4 Kg6 0-1

[Event "I Festival A"]
[Site "Lodi ITA"]
[Date "2005.06.12"]
[Round "4"]
[White "Efimov, Igor"]
[Black "Vivo, Mario"]
[Result "1-0"]
[WhiteElo "2458"]
[BlackElo "2144"]
[PlyCount "89"]
[EventDate "2005.06.10"]

1. d4 Nf6 2. Bg5 e6 3. Nd2 c5 4. e3 b6 5. Ngf3 Ba6 6. c4 Be7 7. e4 cxd4 8. e5
Ng8 9. Ne4 Nc6 10. Qa4 Bc8 11. Nd6+ Kf8 12. Bxe7+ Qxe7 13. O-O-O Nxe5 14. Nxc8
Rxc8 15. Nxe5 Qg5+ 16. Kb1 Qxe5 17. Qxd7 Qc5 18. Qxd4 Qxd4 19. Rxd4 Nf6 20. Be2
Ke7 21. Rc1 Rhd8 22. Rxd8 Kxd8 23. b4 Ke7 24. Kb2 Rd8 25. Rc2 Rd4 26. Kb3 Nd7
27. Ka4 Kd6 28. Kb5 Kc7 29. g3 e5 30. a4 f5 31. a5 bxa5 32. Kxa5 e4 33. h4 g6
34. Ra2 h6 35. Kb5 Kb7 36. f3 g5 37. fxe4 fxe4 38. hxg5 hxg5 39. Bg4 Ne5 40.
Be6 Rd3 41. Bd5+ Kb8 42. Bxe4 Rxg3 43. Rh2 Nf7 44. Bd5 Nd6+ 45. Kc6 1-0

[Event "I Festival A"]
[Site "Lodi ITA"]
[Date "2005.06.12"]
[Round "4"]
[White "Ficco, Corrado"]
[Black "Pylypchuk, Oleg"]
[Result "1-0"]
[WhiteElo "2148"]
[BlackElo "2065"]
[PlyCount "115"]
[EventDate "2005.06.10"]

1. d4 c5 2. e3 d5 3. Nf3 e6 4. c4 Nf6 5. Nc3 Nc6 6. cxd5 exd5 7. Be2 Be7 8. O-O
O-O 9. dxc5 Bxc5 10. b3 Bg4 11. Bb2 a6 12. Rc1 Ba7 13. Nd4 Bxe2 14. Ncxe2 Rc8
15. Nf5 Bb8 16. Ned4 Qd7 17. Nxc6 Rxc6 18. Rxc6 bxc6 19. Qf3 Qe6 20. Rc1 Rc8
21. Ba3 Kh8 22. g3 Be5 23. Kg2 Ne4 24. Nd4 Qd7 25. Qf5 Qxf5 26. Nxf5 Nc3 27.
Ne7 Rc7 28. Rc2 g6 29. Bb2 Rxe7 30. Bxc3 Bxc3 31. Rxc3 Rc7 32. Rc5 Kg7 33. Kf3
Kf6 34. Ke2 Ke5 35. Kd3 Kd6 36. Ra5 Ra7 37. Kd4 f5 38. h4 Ra8 39. b4 Rb8 40. a3
Rb6 41. f3 Kc7 42. Ke5 Kd7 43. Kf4 h6 44. h5 gxh5 45. Kxf5 Kc7 46. f4 Kd7 47.
Ke5 Ke7 48. e4 dxe4 49. Kxe4 h4 50. gxh4 Kf6 51. Rc5 Ke6 52. Rh5 Rb5 53. Rxb5
cxb5 54. f5+ Kf6 55. Kf4 Kf7 56. Ke5 Ke7 57. f6+ Kf7 58. Kf5 1-0

[Event "I Festival A"]
[Site "Lodi ITA"]
[Date "2005.06.12"]
[Round "4"]
[White "Foglia, Maurizio"]
[Black "Cecconi, Giovanni Alberto"]
[Result "1-0"]
[WhiteElo "2089"]
[BlackElo "2183"]
[PlyCount "53"]
[EventDate "2005.06.10"]

1. Nf3 f5 2. b3 e6 3. Bb2 Nf6 4. e3 Be7 5. d3 b6 6. Nbd2 Bb7 7. Qe2 O-O 8. Rg1
Qe8 9. h3 Qh5 10. O-O-O f4 11. e4 Qa5 12. Kb1 b5 13. g3 fxg3 14. Rxg3 Qb6 15.
Ne5 d6 16. Ng4 e5 17. Nh6+ Kh8 18. Nf5 Rf7 19. Nf3 Nbd7 20. Ng5 Raf8 21. h4 g6
22. Nxf7+ Rxf7 23. Nxe7 Rxe7 24. Bh3 d5 25. Bxd7 Nxd7 26. exd5 Bxd5 27. f4 1-0

[Event "I Festival A"]
[Site "Lodi ITA"]
[Date "2005.06.12"]
[Round "4"]
[White "Frugoli, Francesco"]
[Black "Vocaturo, Daniele"]
[Result "0-1"]
[WhiteElo "2092"]
[BlackElo "2303"]
[PlyCount "116"]
[EventDate "2005.06.10"]

1. d4 Nf6 2. Nf3 g6 3. Bg5 Bg7 4. Nbd2 c5 5. e3 b6 6. c3 O-O 7. Bc4 Bb7 8. O-O
d6 9. a4 a6 10. Re1 d5 11. Bd3 Ne4 12. Bf4 Nd7 13. Qc2 Ndf6 14. Be5 Nd6 15. a5
c4 16. Bf1 b5 17. g3 Nfe4 18. Bxg7 Kxg7 19. Bg2 Qc8 20. Nxe4 dxe4 21. Nd2 f5
22. b4 cxb3 23. Nxb3 Bd5 24. Nc5 Nb7 25. Nxb7 Qxb7 26. Bf1 Rfc8 27. Qb2 Rc7 28.
Rec1 Rac8 29. Qb4 Bc4 30. Rab1 Bxf1 31. Kxf1 Rc4 32. Qa3 Qc7 33. Kg2 Ra4 34.
Qb3 Qc4 35. Qd1 Kf8 36. h4 h5 37. d5 Qc5 38. c4 Rxc4 39. Rxc4 Qxc4 40. d6 Qd3
41. d7 Rd8 42. Qc1 Qxd7 43. Qc3 Kf7 44. Rc1 Qe6 45. Rc2 Qd5 46. Rc1 Qd3 47. Qe5
Qe2 48. Qf4 Rd2 49. Kg1 Qf3 50. Qxf3 exf3 51. Rc6 Rd1+ 52. Kh2 Rd6 53. Rb6 Ke6
54. Rb8 Kf7 55. Rb6 Rd2 56. Rxa6 Rxf2+ 57. Kh3 Rf1 58. Kh2 Ra1 0-1

[Event "I Festival A"]
[Site "Lodi ITA"]
[Date "2005.06.12"]
[Round "4"]
[White "Gabetto, Flaviano"]
[Black "Salvador, Roland"]
[Result "0-1"]
[WhiteElo "2136"]
[BlackElo "2360"]
[PlyCount "68"]
[EventDate "2005.06.10"]

1. e4 c5 2. b4 cxb4 3. d4 d5 4. e5 Nc6 5. a3 Qb6 6. Nf3 Bg4 7. Be3 Bxf3 8. gxf3
e6 9. axb4 Bxb4+ 10. c3 Be7 11. Bd3 f5 12. Rg1 Kf7 13. Kf1 Rc8 14. c4 dxc4 15.
d5 Qb2 16. Bxf5 exf5 17. e6+ Kf8 18. dxc6 Rd8 19. Nd2 bxc6 20. Qa4 c3 21. Nc4
Qb5 22. Qxb5 cxb5 23. Ne5 b4 24. Rxa7 f4 25. Bxf4 Rd1+ 26. Ke2 Rd8 27. Nd7+ Ke8
28. Rxg7 b3 29. Ne5 b2 30. Nc6 Bf6 31. Rab7 c2 32. Rxb2 Bxb2 33. Nxd8 Kxd8 34.
Bd6 c1=Q 0-1

[Event "I Festival A"]
[Site "Lodi ITA"]
[Date "2005.06.12"]
[Round "4"]
[White "Gasperi, Fosco"]
[Black "Cedriano, Filippo"]
[Result "1/2-1/2"]
[WhiteElo "2168"]
[BlackElo "2043"]
[PlyCount "112"]
[EventDate "2005.06.10"]

1. d4 Nf6 2. c4 e6 3. Nc3 d5 4. cxd5 exd5 5. Bg5 Be7 6. e3 O-O 7. Bd3 c6 8. Qc2
Nbd7 9. Nge2 Re8 10. O-O h6 11. Bh4 Ne4 12. Bxe7 Qxe7 13. Rae1 Ndf6 14. f3 Nd6
15. Ng3 h5 16. Nf5 Nxf5 17. Bxf5 Bxf5 18. Qxf5 Qe6 19. Qc2 Re7 20. Re2 Rae8 21.
Rfe1 Qd6 22. Qd2 Rd8 23. a3 c5 24. dxc5 Qxc5 25. Qd3 Qc4 26. Rd1 Rde8 27. Kf2
Qh4+ 28. Kg1 Qc4 29. Qd4 Qxd4 30. Rxd4 Rxe3 31. Rxe3 Rxe3 32. Kf2 Re5 33. h3 g5
34. Ne2 Re7 35. Nc3 Kg7 36. Nb5 a6 37. Nd6 Kf8 38. g4 Rd7 39. Nf5 hxg4 40. hxg4
Ne8 41. Ne3 Nc7 42. Ke2 Ke7 43. Kd3 Ke6 44. Nc2 Kd6 45. Rb4 Ne6 46. Nd4 Nxd4
47. Kxd4 b5 48. Rb3 Rc7 49. Kd3 Rc4 50. Kd2 d4 51. Rd3 Ke5 52. Kd1 a5 53. Kd2
Rc8 54. Rb3 Rc5 55. Kd3 Kf4 56. Kxd4 Re5 1/2-1/2

[Event "I Festival A"]
[Site "Lodi ITA"]
[Date "2005.06.12"]
[Round "4"]
[White "Giannetta, Paolo"]
[Black "Romagnoli, Franco"]
[Result "0-1"]
[WhiteElo "2045"]
[BlackElo "2115"]
[PlyCount "58"]
[EventDate "2005.06.10"]

1. d4 Nf6 2. c4 c5 3. d5 b5 4. cxb5 a6 5. f3 e6 6. e4 Bb7 7. Nc3 exd5 8. exd5
Qe7+ 9. Kf2 g6 10. bxa6 Nxa6 11. Bxa6 Rxa6 12. Nh3 Kd8 13. Re1 Qd6 14. Bf4 Qb6
15. Qe2 c4+ 16. Kf1 Bb4 17. Ng5 Rf8 18. Qe5 Ba8 19. a3 Bc5 20. Nce4 Nxe4 21.
Nxe4 f6 22. Nxf6 Bd6 23. Qg5 Bxf4 24. Qxf4 Rxf6 25. Qe5 Qd6 26. Qe8+ Kc7 27.
Re7 Qxd5 28. Rc1 Rxf3+ 29. Kg1 Rf1+ 0-1

[Event "I Festival A"]
[Site "Lodi ITA"]
[Date "2005.06.12"]
[Round "4"]
[White "Gilardone, Adriano"]
[Black "Polat, Cihan"]
[Result "1-0"]
[WhiteElo "2105"]
[BlackElo "2179"]
[PlyCount "89"]
[EventDate "2005.06.10"]

1. e4 c5 2. c3 d5 3. exd5 Qxd5 4. d4 cxd4 5. cxd4 Nc6 6. Nf3 e6 7. Nc3 Qd8 8.
Bd3 Nf6 9. a3 Be7 10. O-O O-O 11. b4 b6 12. Re1 a6 13. Bf4 Bb7 14. Rc1 Rc8 15.
Bb1 Re8 16. Qd3 g6 17. h3 Nd5 18. Nxd5 Qxd5 19. Qd2 Qd7 20. Qe3 Red8 21. Rcd1
b5 22. Be4 Bf6 23. Ne5 Qc7 24. Ng4 Bg7 25. Bg5 f6 26. Bh6 Bxh6 27. Nxh6+ Kg7
28. Ng4 f5 29. Bxc6 fxg4 30. Qe5+ Kg8 31. Bxb7 Qxb7 32. Qxe6+ Qf7 33. Qxg4 Rc2
34. Re2 Rc3 35. Qh4 Re8 36. Rde1 Rxe2 37. Rxe2 Rc1+ 38. Kh2 Rc7 39. Qe4 Kg7 40.
Qe5+ Kg8 41. d5 Rd7 42. d6 h5 43. Rc2 Qf5 44. Qe8+ Kg7 45. Qxd7+ 1-0

[Event "I Festival A"]
[Site "Lodi ITA"]
[Date "2005.06.12"]
[Round "4"]
[White "Gromovs, Sergejs"]
[Black "Mercandelli, Claudio"]
[Result "1-0"]
[WhiteElo "2362"]
[BlackElo "2105"]
[PlyCount "67"]
[EventDate "2005.06.10"]

1. d4 Nf6 2. Nf3 g6 3. c4 Bg7 4. Nc3 O-O 5. e4 d6 6. Be2 e5 7. O-O Nc6 8. d5
Ne7 9. b4 Ne8 10. c5 f5 11. Ng5 Nf6 12. Bf3 fxe4 13. Bxe4 Nxe4 14. Ngxe4 Nf5
15. Bg5 Qe8 16. Qd3 h6 17. Bd2 Qe7 18. a4 a6 19. Qc4 Nd4 20. b5 Qh4 21. f3 Rf5
22. Be1 Qe7 23. Bf2 Rh5 24. b6 cxb6 25. cxd6 Qf7 26. Rab1 Bd7 27. Rxb6 Bh3 28.
gxh3 Nxf3+ 29. Kg2 Rf8 30. Bg3 Qf5 31. Nf2 e4 32. Qxe4 Bxc3 33. Rxb7 Qxd5 34.
Qxg6+ 1-0

[Event "I Festival A"]
[Site "Lodi ITA"]
[Date "2005.06.12"]
[Round "4"]
[White "Lucchese, Paolo"]
[Black "Farachi, Francesco"]
[Result "1-0"]
[WhiteElo "2014"]
[BlackElo "2107"]
[PlyCount "73"]
[EventDate "2005.06.10"]

1. e4 c5 2. Nf3 Nc6 3. Bb5 d6 4. d4 cxd4 5. Nxd4 Bd7 6. Nc3 g6 7. Be3 Bg7 8.
Qd2 Nf6 9. f3 Nxd4 10. Bxd7+ Qxd7 11. Bxd4 O-O 12. O-O-O Rfc8 13. Rhe1 b5 14.
Kb1 Rc4 15. b3 Rc7 16. Bxf6 Bxf6 17. Nd5 Rac8 18. Nxf6+ exf6 19. Re2 Rc6 20.
Qd5 a6 21. h3 Qc7 22. Rdd2 Kg7 23. Qd4 a5 24. f4 Qe7 25. g4 a4 26. g5 axb3 27.
axb3 Ra8 28. c3 Kg8 29. gxf6 Qe6 30. Qd5 Qc8 31. Ra2 Rb8 32. Ra7 Rc7 33. Rea2
Rxa7 34. Rxa7 Qe6 35. Qxe6 fxe6 36. Rg7+ Kh8 37. Re7 1-0

[Event "I Festival A"]
[Site "Lodi ITA"]
[Date "2005.06.12"]
[Round "4"]
[White "Luciani, Valerio"]
[Black "Bonarrigo, Marco"]
[Result "1-0"]
[WhiteElo "2241"]
[BlackElo "2014"]
[PlyCount "87"]
[EventDate "2005.06.10"]

1. d4 d5 2. c4 Bf5 3. Nc3 e6 4. f3 Nf6 5. e3 c5 6. Nge2 Nc6 7. cxd5 exd5 8.
dxc5 Bxc5 9. Nd4 Bxd4 10. exd4 O-O 11. Be3 Qb6 12. Na4 Qb4+ 13. Kf2 Rfe8 14. a3
Qd6 15. g3 Re7 16. Bf4 Qd8 17. Bb5 Qa5 18. Bxc6 bxc6 19. Bd6 Re6 20. Bb4 Qb5
21. Nc5 Ree8 22. Qf1 a5 23. Qxb5 cxb5 24. Bc3 a4 25. g4 Be6 26. Rhe1 Nd7 27.
Rxe6 Rxe6 28. Nxd7 f6 29. Nc5 Re7 30. Nd3 Kf7 31. Bb4 Rc7 32. Bc5 g5 33. h4 Re8
34. hxg5 fxg5 35. Nb4 Rd7 36. Na2 Kf6 37. Nc3 Rb8 38. Re1 h5 39. gxh5 Rh8 40.
Re5 Rxh5 41. Kg3 Rdh7 42. Nxd5+ Kg6 43. Re6+ Kf5 44. Rf6# 1-0

[Event "I Festival A"]
[Site "Lodi ITA"]
[Date "2005.06.12"]
[Round "4"]
[White "Malano, Francesco"]
[Black "Xausa, Flavio"]
[Result "1-0"]
[WhiteElo "2026"]
[BlackElo "2123"]
[PlyCount "69"]
[EventDate "2005.06.10"]

1. Nf3 Nf6 2. g3 g6 3. b3 Bg7 4. Bb2 d5 5. Bg2 O-O 6. O-O Bf5 7. d3 Qc8 8. Re1
Nc6 9. Nbd2 Rd8 10. Ne5 Nxe5 11. Bxe5 c6 12. Rc1 Qe6 13. Ba1 Rac8 14. Nf3 Bh6
15. Nd4 Qd7 16. e3 Bh3 17. Qe2 Bxg2 18. Kxg2 Qc7 19. Nf3 Re8 20. c4 Qd6 21.
Rcd1 e5 22. e4 dxe4 23. dxe4 Qc7 24. Bc3 a5 25. Qb2 Nd7 26. Bxa5 b6 27. Bb4 Bf8
28. Bxf8 Nxf8 29. Rd3 Ne6 30. b4 f6 31. Red1 Rcd8 32. a4 Ra8 33. Rd7 Qc8 34.
Qd2 Rxa4 35. Qh6 1-0